Programa académico 2008 (Registro nro. 2758)
[ vista simple ]
| 000 -CABECERA | |
|---|---|
| campo de control de longitud fija | 00614nam a2200169Ia 4500 |
| 003 - IDENTIFICADOR DEL NÚMERO DE CONTROL | |
| campo de control | DO-SdBJH |
| 005 - FECHA Y HORA DE LA ÚLTIMA TRANSACCIÓN | |
| campo de control | 20180418012633.0 |
| 008 - DATOS DE LONGITUD FIJA--INFORMACIÓN GENERAL | |
| campo de control de longitud fija | 180414s9999 dr 000 0 spa d |
| 040 ## - FUENTE DE LA CATALOGACIÓN | |
| Centro catalogador/agencia de origen | DO-SdBJH |
| Lengua de catalogación | spa |
| Centro/agencia transcriptor | DO-SdBJH |
| 090 ## - LOCALMENTE ASIGNADO TIPO-LC NÚMERO DE CLASIFICACIÓN (OCLC); NÚMERO DE CLASIFICACIÓN LOCAL (RLIN) | |
| Número de clasificación (OCLC) (R) ; Numero de clasificación, CALL (RLIN) (NR) | DM PA 2008 |
| 110 ## - ENTRADA PRINCIPAL--NOMBRE DE ENTIDAD CORPORATIVA | |
| Nombre de entidad corporativa o nombre de jurisdicción como elemento de entrada | Escuela de Graduados de Educación Superior "General Juan Pablo Duarte y Diez" |
| 245 10 - MENCIÓN DE TÍTULO | |
| Título | Programa académico 2008 |
| 260 ## - PUBLICACIÓN, DISTRIBUCIÓN, ETC. | |
| Lugar de publicación, distribución, etc. | Santo Domingo, República Dominicana : Escuela de Graduados de Educación Superior "General Juan Pablo Duarte y Diez", 2008 |
| 300 ## - DESCRIPCIÓN FÍSICA | |
| Extensión | 64 páginas en varias paginaciones |
| 650 #4 - PUNTO DE ACCESO ADICIONAL DE MATERIA--TÉRMINO DE MATERIA | |
| Término de materia o nombre geográfico como elemento de entrada | Programa académico |
| 942 ## - ELEMENTOS DE PUNTO DE ACCESO ADICIONAL (KOHA) | |
| Fuente del sistema de clasificación o colocación | Dewey Decimal Classification |
| Tipo de ítem Koha | Libros |
| Estado de retiro | Estado de pérdida | Fuente del sistema de clasificación o colocación | Estado dañado | No para préstamo | Código de colección | Localización permanente | Ubicación/localización actual | Ubicación en estantería | Fecha de adquisición | Número de inventario | Total de préstamos | Signatura topográfica completa | Código de barras | Fecha visto por última vez | Número de copia | Precio válido a partir de | Tipo de ítem Koha |
|---|---|---|---|---|---|---|---|---|---|---|---|---|---|---|---|---|---|
| Dewey Decimal Classification | Documentos Militares | SIBM UNADE - Biblioteca Escuela de Graduados de Estudios Militares, ERD | SIBM UNADE - Biblioteca Escuela de Graduados de Estudios Militares, ERD | En estantería | 04/14/2018 | 18-EERD-01243 | DM PA 2008 | 18-EERD-01243 | 04/14/2018 | Ej.1 | 04/14/2018 | Libros | |||||
| Dewey Decimal Classification | Documentos Militares | SIBM UNADE - Biblioteca Escuela de Graduados de Estudios Militares, ERD | SIBM UNADE - Biblioteca Escuela de Graduados de Estudios Militares, ERD | En estantería | 04/14/2018 | 18-EERD-01244 | DM PA 2008 | 18-EERD-01244 | 04/14/2018 | Ej.2 | 04/14/2018 | Libros | |||||
| Dewey Decimal Classification | Documentos Militares | SIBM UNADE - Biblioteca Escuela de Graduados de Estudios Militares, ERD | SIBM UNADE - Biblioteca Escuela de Graduados de Estudios Militares, ERD | En estantería | 04/14/2018 | 18-EERD-01245 | DM PA 2008 | 18-EERD-01245 | 04/14/2018 | Ej.3 | 04/14/2018 | Libros | |||||
| Dewey Decimal Classification | Documentos Militares | SIBM UNADE - Biblioteca Escuela de Graduados de Estudios Militares, ERD | SIBM UNADE - Biblioteca Escuela de Graduados de Estudios Militares, ERD | En estantería | 04/14/2018 | 18-EERD-01246 | DM PA 2008 | 18-EERD-01246 | 04/14/2018 | Ej.4 | 04/14/2018 | Libros | |||||
| Dewey Decimal Classification | Documentos Militares | SIBM UNADE - Biblioteca Escuela de Graduados de Estudios Militares, ERD | SIBM UNADE - Biblioteca Escuela de Graduados de Estudios Militares, ERD | En estantería | 04/14/2018 | 18-EERD-01247 | DM PA 2008 | 18-EERD-01247 | 04/14/2018 | Ej.5 | 04/14/2018 | Libros | |||||
| Dewey Decimal Classification | Documentos Militares | SIBM UNADE - Biblioteca Escuela de Graduados de Estudios Militares, ERD | SIBM UNADE - Biblioteca Escuela de Graduados de Estudios Militares, ERD | En estantería | 04/14/2018 | 18-EERD-01248 | DM PA 2008 | 18-EERD-01248 | 04/14/2018 | Ej.6 | 04/14/2018 | Libros |
